Equilibrium and kinetics of binding of immunoglobulin G and impurity proteins on chromatographic adsorbents dissertation thesis

Salvato in:
Dettagli Bibliografici
Autore principale: Wrzosek, Katarzyna
Natura: Libro
Lingua:inglese
Pubblicazione: Bratislava STU FCHPT 2011
Accesso online:Visualizza in OPAC
Tags: Aggiungi Tag
Nessun Tag, puoi essere il primo ad aggiungerne!!

MARC

LEADER 00000nam a2200000 a 4500
005 20260127134256.0
008 150129 2011 000 0 eng d
035 |a vtls010650762 
039 9 |y 201501291207  |z mschk03 
040 |a STUSCHK1  |b slo  |c STUSCHK1  |e AACR2 
100 1 |a Wrzosek, Katarzyna 
245 1 |a Equilibrium and kinetics of binding of immunoglobulin G and impurity proteins on chromatographic adsorbents  |b dissertation thesis  |c Katarzyna Wrzosek 
260 |a Bratislava  |b STU FCHPT  |c 2011 
300 |a 164 s.  |b il.  |c 30 cm 
500 |a Študijný program a odbor: biotechnológia 
500 |a Školiace pracovisko: Odd. chemického a biochemického inžinierstva 
910 |a SCHK95 
999 |c 8530  |d 8530